Random Presidents of France - Statistics

General Stats
  • This quiz has been taken 12 times
  • The average score is 4 of 5
Answer Stats
Republic Years President % Correct
Third 1871-1873 Adolphe Thiers
100%
Fifth 2017- Emmanuel Macron
100%
Fifth 2007-2012 Nicolas Sarkozy
100%
Third 1913-1920 Raymond Poincaré
100%
Fourth 1954-1959 René Coty
100%
Fifth 1974-1981 Valéry Giscard d'Estaing
100%
Third 1887-1894 Marie François Sadi Carnot
50%
Third 1932-1940 Albert Lebrun
0%
Third 1920-1924 Alexandre Millerand
0%
Third 1906-1913 Armand Fallières
0%
Fifth 1959-1969 Charles de Gaulle
0%
Third 1899-1906 Émile Loubet
0%
Third 1895-1899 Félix Faure
0%
Fifth 2012-2017 François Hollande
0%
Fifth 1981-1995 François Mitterrand
0%
Third 1924-1931 Gaston Doumergue
0%
Fifth 1969-1974 Georges Pompidou
0%
Fifth 1995-2007 Jacques Chirac
0%
Third 1894-1895 Jean Casimir-Perier
0%
Third 1879-1887 Jules Grévy
0%
Second 1848-1852 Louis-Napoléon Bonaparte
0%
Third 1873-1879 Patrice de Mac-Mahon
0%
Third 1920 Paul Deschanel
0%
Third 1931-1932 Paul Doumer
0%
Fourth 1947-1954 Vincent Auriol
0%
No matching quizzes found
Score Distribution
Percent of People with Each Score
Percentile by Number Answered
Your Score History
You have not taken this quiz